000 00366nam a2200121Ia 4500
008 081213s9999 xx 000 0 und d
050 _aBT80
_b.C46 1962
245 _aBasic Christian doctrines.
_cedited by Carl F. H. Henry.
260 _c1962
_aNew York.
_bHolt, Rinehart and Winston.
300 _a302p. ;
_c24cm.
650 _aTheology, Doctrinal.
942 _cBK
_2lcc
999 _c17038
_d17038